[Event "XLII Festival A"]
[Site "Imperia ITA"]
[Date "2000.09.06"]
[Round "5"]
[White "Sejkora, Vlastimil"]
[Black "Bratanov, Zsivko"]
[WhiteElo "2264"]
[BlackElo "2400"]
[Result "0-1"]
[PlyCount "62"]
[EventDate "2000.09.03"]

1. f4 d5 2. Nf3 Bg4 3. e3 Nd7 4. Be2 Ngf6 5. c4 e6 6. b3 a5 7. Nc3 c6 8. O-O
Bd6 9. Bb2 O-O 10. Rc1 Qe7 11. d4 Rad8 12. Ne5 Bxe2 13. Qxe2 Bb8 14. Kh1 Nxe5
15. fxe5 Nd7 16. Nb1 Qg5 17. Ba3 Rfe8 18. e4 dxc4 19. bxc4 c5 20. dxc5 Qxe5 21.
g3 Nxc5 22. Nc3 Nd3 23. Rc2 Ba7 24. Nb5 Bc5 25. Rc3 Bxa3 26. Rxa3 Nc5 27. Rxa5
Nxe4 28. Qf3 f5 29. Ra7 Qc5 30. Rxb7 Qxc4 31. Ra1 Qc6 0-1

[Event "XLII Festival A"]
[Site "Imperia ITA"]
[Date "2000.09.06"]
[Round "5"]
[White "Van Hoolandt, Patrick"]
[Black "Frank, Albert"]
[WhiteElo "2169"]
[BlackElo "2014"]
[Result "1/2-1/2"]
[PlyCount "104"]
[EventDate "2000.09.03"]

1. c4 Nf6 2. g3 Nc6 3. Bg2 e5 4. Nc3 g6 5. Nf3 Bg7 6. O-O O-O 7. d3 h6 8. Rb1
Re8 9. Nd2 d6 10. b4 a5 11. Qa4 Nxb4 12. Rxb4 axb4 13. Qxa8 bxc3 14. Nb1 e4 15.
Nxc3 exd3 16. exd3 Bf5 17. Qxd8 Rxd8 18. Rd1 c6 19. d4 Re8 20. Bf4 Bf8 21. h4
Bc2 22. Rc1 Bd3 23. Bf1 Bf5 24. d5 cxd5 25. cxd5 Rc8 26. a4 Kg7 27. Bg2 Be7 28.
Re1 Ng8 29. Nb5 Rd8 30. Rc1 g5 31. hxg5 hxg5 32. Bd2 Rc8 33. Rxc8 Bxc8 34. Bb4
Bd7 35. Nxd6 Bxd6 36. Bxd6 Bxa4 37. Bc5 Bd7 38. Bb6 Nf6 39. f4 gxf4 40. gxf4
Kg6 41. Kf2 Bb5 42. Ke3 Nd7 43. Bd8 f6 44. Bf3 Kf5 45. Be4+ Kg4 46. Bg6 f5 47.
Bc7 Ba4 48. Kd4 b5 49. Kc3 Nf6 50. Bf7 b4+ 51. Kxb4 Be8 52. Bxe8 Nxd5+ 1/2-1/2

[Event "XLII Festival A"]
[Site "Imperia ITA"]
[Date "2000.09.06"]
[Round "5"]
[White "Zedek, Alois"]
[Black "Di Paolo, Raffaele"]
[WhiteElo "2157"]
[BlackElo "2295"]
[Result "0-1"]
[PlyCount "110"]
[EventDate "2000.09.03"]

1. d4 Nf6 2. c4 g6 3. Nc3 Bg7 4. e4 d6 5. Nf3 O-O 6. Be2 e5 7. O-O Nc6 8. d5
Ne7 9. Ne1 Nd7 10. Nd3 f5 11. Bg5 h6 12. Bxe7 Qxe7 13. b4 Nf6 14. Bf3 g5 15. g3
f4 16. Bg2 h5 17. f3 Bh6 18. gxf4 gxf4 19. Qe1 Nh7 20. Kh1 Kh8 21. Rg1 Bg5 22.
Qf1 Rg8 23. Bh3 Bd7 24. Bxd7 Qxd7 25. Nf2 Bh4 26. Qh3 Qxh3 27. Nxh3 a6 28. a3
Nf6 29. Rxg8+ Rxg8 30. Rg1 Nd7 31. Na4 Rxg1+ 32. Kxg1 Be1 33. Ng5 Bd2 34. Ne6
Bc1 35. Nxc7 Bxa3 36. b5 a5 37. Kg2 Kg7 38. Ne6+ Kf6 39. Kh3 Bc5 40. Nd8 b6 41.
Ne6 Bd4 42. Nc7 Nc5 43. Nxb6 a4 44. Nxa4 Nxa4 45. Ne8+ Ke7 46. Ng7 Bc5 47. Nxh5
Kf7 48. Kg4 Nb6 49. Kg5 Nxc4 50. Nf6 Bb6 51. Nd7 Bd8+ 52. Kg4 Ne3+ 53. Kh5 Nxd5
54. exd5 e4 55. fxe4 f3 0-1

[Event "XLII Festival A"]
[Site "Imperia ITA"]
[Date "2000.09.06"]
[Round "5"]
[White "Zlochevskij, Alexander"]
[Black "De Santis, Alessio"]
[WhiteElo "2450"]
[BlackElo "2309"]
[Result "1/2-1/2"]
[PlyCount "49"]
[EventDate "2000.09.03"]

1. d4 f5 2. g3 Nf6 3. Bg2 g6 4. Nf3 Bg7 5. O-O O-O 6. b3 d6 7. Bb2 Qe8 8. d5 a5
9. c4 Na6 10. Nc3 Bd7 11. e3 Nc5 12. Nd4 g5 13. Ncb5 Qc8 14. Qc2 c6 15. Nc3
Nfe4 16. Nde2 Nxc3 17. Bxc3 Bxc3 18. Qxc3 Qe8 19. f4 h6 20. Qc2 e5 21. Rad1 Rf6
22. dxc6 bxc6 23. Qc3 Qe7 24. Nc1 gxf4 25. exf4 1/2-1/2

[Event "XLII Festival A"]
[Site "Imperia ITA"]
[Date "2000.09.07"]
[Round "6"]
[White "Ausmins, Elmar"]
[Black "Barlocco, Carlo"]
[WhiteElo "2324"]
[BlackElo "2179"]
[Result "1/2-1/2"]
[PlyCount "115"]
[EventDate "2000.09.03"]

1. d4 d5 2. Nf3 Bf5 3. c4 e6 4. Nc3 Nc6 5. a3 Nf6 6. Bg5 Be7 7. e3 O-O 8. h3
Ne4 9. Bf4 Bd6 10. cxd5 Nxc3 11. bxc3 exd5 12. Bxd6 Qxd6 13. Bd3 Ne7 14. O-O
Bg6 15. Ne5 c5 16. f4 cxd4 17. cxd4 Bxd3 18. Nxd3 Nf5 19. Qf3 Qe6 20. Rfe1 b6
21. Nb4 Rfd8 22. Rac1 a5 23. Nc6 Rdc8 24. e4 Rxc6 25. exf5 Qd6 26. Rb1 Rc4 27.
Qe3 h6 28. Rb5 Rac8 29. Reb1 R8c6 30. f6 Qxf6 31. Rxd5 Qg6 32. f5 Qg5 33. Qxg5
hxg5 34. Rd8+ Kh7 35. Rb5 Rc2 36. Re5 g6 37. d5 Rf6 38. fxg6+ Kxg6 39. Rg8+ Kh6
40. Rexg5 Rd2 41. Re5 Rg6 42. Rxg6+ fxg6 43. Kf1 b5 44. Ke1 Rd4 45. d6 b4 46.
Rxa5 bxa3 47. Rxa3 Rxd6 48. Kf2 Rf6+ 49. Kg3 Rb6 50. Ra5 Rb4 51. Re5 Ra4 52.
Kf3 Ra3+ 53. Re3 Ra4 54. Re4 Ra2 55. g4 Kg5 56. Re3 Kh4 57. Re6 Ra3+ 58. Kf2
1/2-1/2

[Event "XLII Festival A"]
[Site "Imperia ITA"]
[Date "2000.09.07"]
[Round "6"]
[White "Bibik, Jura"]
[Black "Benes, Petr"]
[WhiteElo "2268"]
[BlackElo "2171"]
[Result "1-0"]
[PlyCount "73"]
[EventDate "2000.09.03"]

1. e4 e5 2. Nf3 f5 3. Nxe5 Qf6 4. d4 d6 5. Nc4 fxe4 6. Nc3 Qg6 7. Qe2 Nf6 8.
Bf4 Be7 9. O-O-O O-O 10. Qd2 a6 11. h3 b5 12. Ne3 c6 13. Bh2 d5 14. g4 Be6 15.
Ne2 Nfd7 16. Nf4 Qh6 17. h4 Qxh4 18. Nxe6 Rxf2 19. Nf5 Rxf5 20. gxf5 Nf8 21.
Kb1 Nbd7 22. Be2 Nxe6 23. fxe6 Nf8 24. Be5 Qg5 25. Qc3 Ng6 26. Qxc6 Rd8 27.
Rdg1 Nxe5 28. dxe5 Qxe5 29. c3 b4 30. Rh5 Qb8 31. cxb4 Qxb4 32. Rxd5 Rb8 33. b3
e3 34. Qc4 Qb7 35. Rd7 Qa8 36. Rxe7 Rc8 37. Rgxg7+ 1-0

[Event "XLII Festival A"]
[Site "Imperia ITA"]
[Date "2000.09.07"]
[Round "6"]
[White "Biolek, Richard sr"]
[Black "Colovic, Aleksandar"]
[WhiteElo "2420"]
[BlackElo "2397"]
[Result "1-0"]
[PlyCount "81"]
[EventDate "2000.09.03"]

1. c4 g6 2. Nc3 Bg7 3. d4 Nf6 4. e4 d6 5. Nf3 O-O 6. Be2 e5 7. O-O Nc6 8. d5
Ne7 9. Ne1 Nd7 10. Be3 f5 11. f3 f4 12. Bf2 g5 13. a4 a5 14. Nd3 b6 15. b4 axb4
16. Nxb4 Nf6 17. Bd3 h5 18. Qd2 Ng6 19. a5 bxa5 20. Nb5 a4 21. c5 g4 22. cxd6
cxd6 23. Kh1 g3 24. Bg1 Nh4 25. Rfc1 Ne8 26. Bf1 Rf6 27. Na7 Rxa7 28. Bxa7 Bd7
29. Na6 gxh2 30. Qb4 Rg6 31. Ra2 Bf8 32. Bb5 Bh3 33. gxh3 Qg5 34. Rxh2 Ng7 35.
Qxa4 Ngf5 36. exf5 Nxf5 37. Rf2 Ng3+ 38. Kh2 e4 39. Rc8 Qh4 40. Qc2 Rg7 41. Bd4
1-0

[Event "XLII Festival A"]
[Site "Imperia ITA"]
[Date "2000.09.07"]
[Round "6"]
[White "Bratanov, Zsivko"]
[Black "Jurek, Josef"]
[WhiteElo "2400"]
[BlackElo "2329"]
[Result "1/2-1/2"]
[PlyCount "64"]
[EventDate "2000.09.03"]

1. d4 Nf6 2. c4 e6 3. Nc3 d5 4. Nf3 Be7 5. Bg5 O-O 6. e3 h6 7. Bxf6 Bxf6 8. Rc1
c6 9. Bd3 Nd7 10. O-O dxc4 11. Bxc4 e5 12. h3 exd4 13. exd4 Nb6 14. Bb3 Bf5 15.
Re1 Re8 16. Rxe8+ Qxe8 17. Qd2 a5 18. Qf4 Be6 19. Bxe6 fxe6 20. Qc7 Nd5 21.
Nxd5 exd5 22. Qxb7 Rb8 23. Qa6 Rxb2 24. Rxc6 Kh7 25. Re6 Qg6 26. Re2 Rxa2 27.
Rxa2 Qb1+ 28. Kh2 Qxa2 29. Qd3+ Kg8 30. Qc3 Kh7 31. Qd3+ Kg8 32. Qc3 Kh7
1/2-1/2

[Event "XLII Festival A"]
[Site "Imperia ITA"]
[Date "2000.09.07"]
[Round "6"]
[White "De Santis, Alessio"]
[Black "Mozny, Milos"]
[WhiteElo "2309"]
[BlackElo "2414"]
[Result "0-1"]
[PlyCount "74"]
[EventDate "2000.09.03"]

1. d4 d5 2. c4 e6 3. Nc3 c5 4. cxd5 cxd4 5. Qxd4 Nc6 6. Qd1 exd5 7. Qxd5 Bd7 8.
e3 Nf6 9. Qd1 Bc5 10. Nf3 Qe7 11. Be2 O-O-O 12. O-O Kb8 13. a3 g5 14. b4 Bb6
15. Bb2 Rhg8 16. Nd5 Nxd5 17. Qxd5 Bc7 18. Rfc1 g4 19. Nd4 Rg5 20. Qc4 Rc8 21.
g3 Ne5 22. Qb3 h5 23. b5 Rg6 24. Rc2 h4 25. Rac1 hxg3 26. hxg3 Rh6 27. Nc6+
Bxc6 28. bxc6 b6 29. Bxe5 Qxe5 30. Bf1 Rch8 31. Bg2 Qf5 32. Qd5 Qf6 33. Qc4 Rh2
34. f4 gxf3 35. Qa6 Qxc6 36. Rxc6 Rxg2+ 37. Kf1 Rh1# 0-1

[Event "XLII Festival A"]
[Site "Imperia ITA"]
[Date "2000.09.07"]
[Round "6"]
[White "Delanoy, Arnaud"]
[Black "Bellia, Fabrizio"]
[WhiteElo "2120"]
[BlackElo "2374"]
[Result "0-1"]
[PlyCount "73"]
[EventDate "2000.09.03"]

1. e4 d6 2. d4 Nf6 3. Nc3 g6 4. f4 Bg7 5. Nf3 c5 6. Bb5+ Bd7 7. e5 Ng4 8. Bxd7+
Qxd7 9. d5 dxe5 10. h3 e4 11. Nxe4 Nf6 12. Nxf6+ Bxf6 13. O-O O-O 14. Ne5 Qd6
15. c4 Nd7 16. Nxd7 Qxd7 17. f5 Bd4+ 18. Kh1 a6 19. Qf3 Qxf5 20. Qxf5 gxf5 21.
Bh6 Rfd8 22. Rxf5 b5 23. Raf1 f6 24. b3 bxc4 25. bxc4 Rab8 26. R5f3 Kf7 27. Rg3
Rg8 28. Rxg8 Kxg8 29. Re1 Kf7 30. Be3 Be5 31. Rc1 Bd6 32. Kg1 Rb2 33. Ra1 Rc2
34. Rb1 Re2 35. Rb3 Bg3 36. Bf2 Bxf2+ 37. Kf1 0-1

[Event "XLII Festival A"]
[Site "Imperia ITA"]
[Date "2000.09.07"]
[Round "6"]
[White "Delchev, Aleksander"]
[Black "Babula, Milan"]
[WhiteElo "2557"]
[BlackElo "2362"]
[Result "1/2-1/2"]
[PlyCount "89"]
[EventDate "2000.09.03"]

1. c4 Nf6 2. g3 c5 3. Bg2 g6 4. Nc3 Bg7 5. a3 Nc6 6. Rb1 a5 7. Nf3 O-O 8. d4 d6
9. d5 Nb8 10. Nd2 Na6 11. O-O Bd7 12. e4 Ne8 13. Re1 Nec7 14. Bf1 Rb8 15. Nb5
Nxb5 16. cxb5 Nc7 17. a4 f5 18. b3 e5 19. Nc4 Ne8 20. f4 exf4 21. Bxf4 Bd4+ 22.
Be3 Bxe3+ 23. Rxe3 fxe4 24. Bg2 Nf6 25. h3 b6 26. Rb2 Qe7 27. Rbe2 Bf5 28. g4
Nxg4 29. hxg4 Bxg4 30. Rxe4 Bxe2 31. Qxe2 Qg5 32. Re6 Rbd8 33. Qe3 Qg4 34. Nd2
Qd1+ 35. Qe1 Qg4 36. Ne4 Qf4 37. Qc3 Rf5 38. Bh3 Re5 39. Rxe5 dxe5 40. Bg2 Kg7
41. d6 h5 42. Qd3 g5 43. Qd5 Qe3+ 44. Kh2 Qf4+ 45. Kg1 1/2-1/2

[Event "XLII Festival A"]
[Site "Imperia ITA"]
[Date "2000.09.07"]
[Round "6"]
[White "Di Paolo, Raffaele"]
[Black "Poloch, Petr"]
[WhiteElo "2295"]
[BlackElo "2323"]
[Result "1/2-1/2"]
[PlyCount "87"]
[EventDate "2000.09.03"]

1. e4 c5 2. Nc3 e6 3. Nf3 a6 4. d4 cxd4 5. Nxd4 b5 6. Bd3 Bb7 7. O-O d6 8. f4
Nf6 9. a3 Be7 10. Kh1 Nbd7 11. Qe1 Nc5 12. Bd2 O-O 13. b4 Nxd3 14. cxd3 Nd7 15.
Nb3 Rc8 16. Rc1 Bf6 17. Qf2 Rc7 18. a4 Bxc3 19. Bxc3 bxa4 20. Na5 d5 21. Qa2
Bc6 22. Nxc6 Rxc6 23. Qxa4 Qc7 24. Bd2 Rc8 25. h3 h6 26. f5 Qb7 27. Rxc6 Qxc6
28. Qxc6 Rxc6 29. Ra1 Kf8 30. Kg1 Ke7 31. Kf2 Kd8 32. g4 Kc7 33. Ke2 Kb6 34.
Ra5 Rc7 35. Ke1 Rc8 36. Be3+ Kb7 37. b5 axb5 38. Rxb5+ Kc6 39. Ra5 Rb8 40. Ra6+
Kc7 41. Ra7+ Rb7 42. Ke2 Rxa7 43. Bxa7 Nb6 44. d4 1/2-1/2

[Event "XLII Festival A"]
[Site "Imperia ITA"]
[Date "2000.09.07"]
[Round "6"]
[White "Dinser, Hans"]
[Black "Popa, Claudiu"]
[WhiteElo "2132"]
[BlackElo "2127"]
[Result "0-1"]
[PlyCount "84"]
[EventDate "2000.09.03"]

1. d4 d5 2. c4 e6 3. Nf3 Nf6 4. g3 c6 5. cxd5 exd5 6. Bg2 Bd6 7. O-O Bf5 8. Nc3
O-O 9. Qb3 Qb6 10. Qd1 h6 11. Na4 Qc7 12. b3 Nbd7 13. Bb2 Ne4 14. Nd2 Rfe8 15.
Nxe4 Bxe4 16. f3 Bg6 17. Rc1 Qa5 18. a3 Re3 19. b4 Qb5 20. Rf2 Rae8 21. Bf1 Nb6
22. Nxb6 Qxb6 23. Qd2 Qd8 24. Rc3 Qe7 25. Bc1 Rxc3 26. Qxc3 Bc7 27. e3 a6 28.
Bg2 h5 29. f4 Bf5 30. h3 Qe6 31. Kh2 g5 32. fxg5 h4 33. Kg1 hxg3 34. Rf1 Bxh3
35. Rf6 Qg4 36. Qd3 Qxg5 37. Qf1 Bxg2 38. Kxg2 Qh5 39. Rf5 Qh2+ 40. Kf3 Re6 41.
Qg2 Rf6 42. Rxf6 Qh5# 0-1

[Event "XLII Festival A"]
[Site "Imperia ITA"]
[Date "2000.09.07"]
[Round "6"]
[White "Faraci, Antonino"]
[Black "Giuliano, Arturo"]
[WhiteElo "2111"]
[BlackElo "1968"]
[Result "1-0"]
[PlyCount "65"]
[EventDate "2000.09.03"]

1. e4 e5 2. Nf3 Nc6 3. c4 Nf6 4. d3 Bb4+ 5. Nbd2 O-O 6. Be2 a5 7. O-O d6 8. a3
Bc5 9. Rb1 a4 10. b4 axb3 11. Nxb3 Bb6 12. Qc2 Nd7 13. Ra1 Nc5 14. Be3 f5 15.
Nxc5 dxc5 16. exf5 Bxf5 17. Nd2 Qe8 18. Nb3 Qg6 19. g3 e4 20. dxe4 Bxe4 21. Qb2
Qe6 22. Nd2 Nd4 23. Nxe4 Qxe4 24. Rac1 Rf5 25. Rfd1 Rxf2 26. Kxf2 Rf8+ 27. Bf4
g5 28. Rxd4 cxd4 29. Bf3 Rxf4 30. gxf4 Qxf4 31. Kg2 c6 32. Rf1 Bc7 33. Bd5+ 1-0

[Event "XLII Festival A"]
[Site "Imperia ITA"]
[Date "2000.09.07"]
[Round "6"]
[White "Frank, Albert"]
[Black "Melich, Jindrich"]
[WhiteElo "2014"]
[BlackElo "2150"]
[Result "1/2-1/2"]
[PlyCount "33"]
[EventDate "2000.09.03"]

1. d4 c5 2. d5 e5 3. dxe6 fxe6 4. e4 d5 5. Nc3 Nf6 6. Bb5+ Nc6 7. e5 Nd7 8. Nf3
Be7 9. O-O O-O 10. Re1 a6 11. Bd3 c4 12. Bf1 Nc5 13. Nd4 Bd7 14. Nxc6 Bxc6 15.
Be3 Na4 16. Nxa4 Bxa4 17. b3 1/2-1/2

[Event "XLII Festival A"]
[Site "Imperia ITA"]
[Date "2000.09.07"]
[Round "6"]
[White "Giuberchio, Cesare"]
[Black "Blasco, Domenico"]
[WhiteElo "1906"]
[BlackElo "2070"]
[Result "0-1"]
[PlyCount "82"]
[EventDate "2000.09.03"]

1. e4 Nf6 2. e5 Nd5 3. c4 Nb6 4. c5 Nd5 5. Bc4 c6 6. Nc3 d6 7. Qf3 dxe5 8. Nxd5
cxd5 9. Bxd5 e6 10. Bxb7 Bxb7 11. Qxb7 Nd7 12. c6 Nc5 13. Qb5 Rb8 14. c7+ Rxb5
15. cxd8=Q+ Kxd8 16. Nf3 Bd6 17. O-O Nd3 18. b3 Ke7 19. Ng5 f5 20. Rb1 Kf6 21.
Nf3 Rc8 22. Bb2 Nxb2 23. Rxb2 Ba3 24. Rbb1 Rd5 25. Rfd1 e4 26. Ne1 Rcd8 27. Nc2
Bc5 28. b4 Rxd2 29. Rxd2 Rxd2 30. Ne3 Bxe3 31. fxe3 Rxa2 32. Rb3 g5 33. g3 f4
34. b5 f3 35. h3 h5 36. Rb4 Kf5 37. Kh1 Ra3 38. Kg1 Rxe3 39. Ra4 Rb3 40. Ra5 e5
41. Kf2 Rb2+ 0-1

[Event "XLII Festival A"]
[Site "Imperia ITA"]
[Date "2000.09.07"]
[Round "6"]
[White "Gross, Stefan"]
[Black "Zlochevskij, Alexander"]
[WhiteElo "2357"]
[BlackElo "2450"]
[Result "1-0"]
[PlyCount "133"]
[EventDate "2000.09.03"]

1. Nf3 Nf6 2. c4 c5 3. Nc3 g6 4. d4 cxd4 5. Nxd4 Bg7 6. e4 Nc6 7. Be3 O-O 8.
Be2 d6 9. O-O Nxd4 10. Bxd4 Be6 11. Qd2 Qa5 12. Rfd1 Rfc8 13. b3 Kf8 14. Qe3
Nd7 15. Nd5 Bxd4 16. Rxd4 Bxd5 17. exd5 Re8 18. h4 e5 19. dxe6 Rxe6 20. Qh6+
Kg8 21. Qd2 Qxd2 22. Rxd2 Nc5 23. Bg4 f5 24. Bf3 Kf8 25. Rad1 Rd8 26. Bd5 Re7
27. b4 Ne4 28. Rd3 Nf6 29. Bf3 Red7 30. b5 Kf7 31. Ra3 b6 32. Bc6 Re7 33. f3
Kf8 34. Rad3 Re6 35. a4 Nh5 36. Kf2 Nf4 37. R3d2 Nh5 38. a5 Nf6 39. axb6 axb6
40. Ra1 Ne8 41. Ra6 Rb8 42. Re2 Rxe2+ 43. Kxe2 Nf6 44. Ra7 d5 45. cxd5 Rd8 46.
g4 fxg4 47. fxg4 h6 48. Rb7 g5 49. hxg5 hxg5 50. Kf3 Rd6 51. Rxb6 Nxd5 52. Rb8+
Kf7 53. Ke4 Ne7 54. Be8+ Ke6 55. Ra8 Nd5 56. Bc6 Nf6+ 57. Kf3 Rd3+ 58. Kg2 Rb3
59. Ra6 Kd6 60. Bf3+ Ke5 61. b6 Nd7 62. Ra5+ Kf4 63. Rf5+ Ke3 64. b7 Nb8 65.
Rf8 Nd7 66. Rd8 Rb2+ 67. Kg3 1-0

[Event "XLII Festival A"]
[Site "Imperia ITA"]
[Date "2000.09.07"]
[Round "6"]
[White "Hocevar, Nikola"]
[Black "Scarenzio, Renato"]
[WhiteElo "2167"]
[BlackElo "2024"]
[Result "0-1"]
[PlyCount "64"]
[EventDate "2000.09.03"]

1. c4 c6 2. d4 d5 3. Nf3 Nf6 4. e3 Bg4 5. h3 Bh5 6. Nc3 e6 7. Qb3 Qc7 8. Be2
dxc4 9. Qxc4 Nbd7 10. Bd2 Nb6 11. Qb3 Bd6 12. Rc1 Qe7 13. e4 Bb4 14. e5 Nfd5
15. a3 Nxc3 16. bxc3 Ba5 17. O-O O-O-O 18. Rfe1 Bxf3 19. Bxf3 Rxd4 20. Be3 Rd7
21. Bxb6 Bxb6 22. Re2 Rhd8 23. Qb2 Rd1+ 24. Rxd1 Rxd1+ 25. Kh2 Rf1 26. g3 Qd8
27. Qc2 h6 28. Bg2 Rd1 29. Qh7 Qf8 30. Qc2 Ra1 31. a4 Qa3 32. Rd2 Qc1 0-1

[Event "XLII Festival A"]
[Site "Imperia ITA"]
[Date "2000.09.07"]
[Round "6"]
[White "Krouzel, Jaroslav"]
[Black "Astengo, Marcello"]
[WhiteElo "2293"]
[BlackElo "2060"]
[Result "0-1"]
[PlyCount "92"]
[EventDate "2000.09.03"]

1. d4 d5 2. Nf3 Nf6 3. e3 c6 4. c4 e6 5. Nc3 Nbd7 6. cxd5 exd5 7. Bd3 Bd6 8.
Qc2 O-O 9. O-O Re8 10. Bd2 Nf8 11. h3 Bd7 12. Bf5 Rc8 13. Rfc1 Bb8 14. Bd3 Qe7
15. Be1 Ne4 16. Nd2 Ng5 17. Bf5 Nxh3+ 18. Bxh3 Bxh3 19. gxh3 Qg5+ 20. Kf1 Re6
21. Qd1 h5 22. Nf3 Qf5 23. Ke2 Rce8 24. Kd2 Nd7 25. Qe2 c5 26. Rd1 Rf6 27. Ne5
cxd4 28. exd4 Nxe5 29. dxe5 Bxe5 30. Qd3 Bf4+ 31. Kc2 Qg5 32. b3 Rd8 33. Bd2
Rc6 34. Bxf4 Qxf4 35. Kb2 Qxf2+ 36. Rd2 Qf6 37. Qd4 Qf3 38. Rd3 Qg2+ 39. Rd2
Qxh3 40. Rad1 Rdc8 41. Nxd5 Kh8 42. Ne7 R6c7 43. Nxc8 Rxc8 44. Rd3 Qg2+ 45.
R1d2 Qc6 46. Qe5 Qc1# 0-1

[Event "XLII Festival A"]
[Site "Imperia ITA"]
[Date "2000.09.07"]
[Round "6"]
[White "Luciani, Carlo"]
[Black "Payen, Arnaud"]
[WhiteElo "2225"]
[BlackElo "2354"]
[Result "1/2-1/2"]
[PlyCount "91"]
[EventDate "2000.09.03"]

1. e4 e5 2. Nf3 d6 3. d4 exd4 4. Nxd4 Nf6 5. Nc3 Be7 6. Be2 O-O 7. f4 Re8 8.
O-O Bf8 9. Bf3 c5 10. Nde2 Nc6 11. h3 Qc7 12. g4 Nd4 13. Nxd4 cxd4 14. Qxd4 d5
15. Nxd5 Nxd5 16. Qxd5 Qxc2 17. Qd2 Qc7 18. Qf2 g5 19. Bg2 Bc5 20. Be3 Bxe3 21.
Qxe3 gxf4 22. Rxf4 Qe5 23. Rf2 Be6 24. Rc1 Rac8 25. Rfc2 Rxc2 26. Rxc2 Rd8 27.
Rc1 Bxa2 28. Rc5 Qd4 29. Qxd4 Rxd4 30. Ra5 Bc4 31. Rxa7 Rd1+ 32. Kh2 Rd2 33.
Kg3 Rxb2 34. e5 b5 35. h4 Re2 36. Bf1 Rxe5 37. Bxc4 bxc4 38. Rc7 Re4 39. g5 Rd4
40. h5 Kf8 41. Kf3 Ke8 42. h6 Kf8 43. Kg3 Rd3+ 44. Kf4 c3 45. Ke4 Rg3 46. Kf5
1/2-1/2

[Event "XLII Festival A"]
[Site "Imperia ITA"]
[Date "2000.09.07"]
[Round "6"]
[White "Machalek, Bedrich"]
[Black "Cugini, Verter"]
[WhiteElo "2055"]
[BlackElo "2168"]
[Result "0-1"]
[PlyCount "144"]
[EventDate "2000.09.03"]

1. e4 e6 2. d4 d5 3. e5 c5 4. c3 Nc6 5. Nf3 Qb6 6. a3 c4 7. Be2 Na5 8. Nbd2 Bd7
9. O-O Ne7 10. Qe1 Ba4 11. Bd1 Nb3 12. Nxb3 Bxb3 13. Nd2 Bxd1 14. Qxd1 Nc6 15.
Re1 Be7 16. Rb1 O-O-O 17. b3 cxb3 18. Rxb3 Qa6 19. Qc2 Kb8 20. Nf3 Na5 21. Rb1
Nc4 22. a4 h6 23. Ra1 Rd7 24. Bf4 Bd8 25. Reb1 Ba5 26. Qd3 Qc6 27. Rb5 b6 28.
Rab1 Ka8 29. Ra1 Rc7 30. h4 Qe8 31. Nd2 Nxd2 32. Bxd2 Rc4 33. f4 g5 34. Kf2 h5
35. g3 Qc6 36. Ra3 Rc8 37. Rbb3 Rxa4 38. Ke3 Rxa3 39. Rxa3 Qb7 40. Qb5 a6 41.
Qb2 Ka7 42. Kd3 Rc4 43. Qa1 Qd7 44. Be1 Qb5 45. Ke3 Rc7 46. Bd2 Kb7 47. Qc1 Kc8
48. Qa1 Kd8 49. Qc1 Ke7 50. Qa1 Kd8 51. Qc1 Ke7 52. Qa1 f6 53. exf6+ Kxf6 54.
Qc1 Kg7 55. Qa1 Rc4 56. Qa2 Qd7 57. Qc2 Qe7 58. Qa2 Qf8 59. Ra4 Bxc3 60. Rxc4
Bxd2+ 61. Kxd2 dxc4 62. Qxc4 Qd6 63. Qxa6 Qxd4+ 64. Ke2 Kf6 65. Qc8 Kf5 66. Qe8
Qe4+ 67. Kd2 Kg4 68. Qe7 Kxg3 69. Qxg5+ Kf3 70. Kc3 Qe3+ 71. Kb2 Qd4+ 72. Kb1
Qb4+ 0-1

[Event "XLII Festival A"]
[Site "Imperia ITA"]
[Date "2000.09.07"]
[Round "6"]
[White "Malano, Francesco"]
[Black "Kljako, Damir"]
[WhiteElo "2028"]
[BlackElo "2258"]
[Result "0-1"]
[PlyCount "80"]
[EventDate "2000.09.03"]

1. Nf3 g6 2. g3 Bg7 3. Bg2 e5 4. e4 Nc6 5. d3 Nge7 6. O-O O-O 7. c3 d5 8. b4 a6
9. Bb2 dxe4 10. dxe4 Be6 11. Qe2 f6 12. a3 Nc8 13. Rd1 Qe7 14. c4 Nb6 15. c5
Na4 16. Nc3 Nxc3 17. Bxc3 Bb3 18. Re1 Rfd8 19. Bf1 Kh8 20. Qb2 Qf7 21. a4 Bc4
22. Nd2 Bxf1 23. Nxf1 Nd4 24. Re3 Bh6 25. f4 Qd7 26. Kg2 Qc6 27. Ree1 Rd7 28.
Nd2 Rad8 29. Nc4 Qe6 30. Ne3 exf4 31. Nd5 Rxd5 32. exd5 Qxd5+ 33. Kf1 Qh1+ 34.
Kf2 Qxh2+ 35. Kf1 Qh1+ 36. Kf2 fxg3+ 37. Kxg3 Nf5+ 38. Kf2 Qh2+ 39. Kf3 Qg3+
40. Ke2 Qg2# 0-1

[Event "XLII Festival A"]
[Site "Imperia ITA"]
[Date "2000.09.07"]
[Round "6"]
[White "Massa, Giovanni"]
[Black "Papan, Cyril"]
[WhiteElo "2132"]
[BlackElo "2208"]
[Result "1-0"]
[PlyCount "79"]
[EventDate "2000.09.03"]

1. e4 d6 2. d4 Nf6 3. Nc3 g6 4. Be3 Bg7 5. Qd2 c6 6. f3 h6 7. O-O-O b5 8. Kb1
Qa5 9. a3 a6 10. g4 Bb7 11. h4 Nfd7 12. Nge2 c5 13. Nc1 Qd8 14. dxc5 dxc5 15.
Bxc5 Nc6 16. Be3 Nde5 17. Qxd8+ Rxd8 18. Be2 Rxd1 19. Rxd1 Nc4 20. Bxc4 bxc4
21. Nd5 O-O 22. Bc5 Re8 23. f4 Bf8 24. Ne2 Kg7 25. Nb6 Nb8 26. Nc3 Bc6 27. Nxc4
Nd7 28. Bd4+ f6 29. g5 hxg5 30. hxg5 e5 31. gxf6+ Kxf6 32. fxe5+ Kg5 33. Nd5
Bb5 34. Nc7 Rb8 35. Nxb5 axb5 36. Nd6 Kf4 37. Rf1+ Kg4 38. Rf7 Rd8 39. Nb7 Nxe5
40. Bxe5 1-0

[Event "XLII Festival A"]
[Site "Imperia ITA"]
[Date "2000.09.07"]
[Round "6"]
[White "Pienabarca, Nicola"]
[Black "Van Hoolandt, Patrick"]
[WhiteElo "2030"]
[BlackElo "2169"]
[Result "0-1"]
[PlyCount "69"]
[EventDate "2000.09.03"]

1. d4 Nf6 2. c4 e6 3. Nc3 Bb4 4. Qc2 c5 5. dxc5 Na6 6. a3 Qa5 7. Bd2 Nxc5 8.
Rd1 Bxc3 9. Bxc3 Qc7 10. f3 a5 11. Qd2 h6 12. e4 Na4 13. Bxf6 gxf6 14. Bd3 Qe5
15. Rb1 Nc5 16. Ne2 Qd6 17. Rd1 b6 18. Qc2 Ba6 19. Nc3 Nxd3+ 20. Rxd3 Qc5 21.
Qd2 Rd8 22. Rd4 Rg8 23. Na4 Qc6 24. b3 b5 25. Rd6 Qc8 26. Nb6 Qc7 27. c5 Qxc5
28. Nxd7 Qg5 29. f4 Qh4+ 30. g3 Rxg3 31. Nxf6+ Ke7 32. Rd7+ Kxf6 33. hxg3 Qxh1+
34. Kf2 Qh2+ 35. Ke1 0-1

[Event "XLII Festival A"]
[Site "Imperia ITA"]
[Date "2000.09.07"]
[Round "6"]
[White "Schmitt, Thomas"]
[Black "Zedek, Alois"]
[WhiteElo "2223"]
[BlackElo "2157"]
[Result "1-0"]
[PlyCount "69"]
[EventDate "2000.09.03"]

1. e4 c6 2. d4 d5 3. exd5 cxd5 4. Bd3 Nc6 5. c3 Nf6 6. Bf4 g6 7. Nf3 Bg7 8. O-O
O-O 9. Nbd2 Nh5 10. Bg5 h6 11. Be3 Qd6 12. Re1 Nf4 13. Bc2 g5 14. Nf1 Bg4 15.
h3 Bh5 16. Ng3 Bg6 17. Nf5 Qf6 18. Bxf4 Bxf5 19. Be5 Qg6 20. Bxf5 Qxf5 21. Bxg7
Kxg7 22. Ne5 e6 23. Ng4 Rac8 24. Re3 Qg6 25. Qe2 Rfe8 26. Rf3 f5 27. Ne5 Nxe5
28. Qxe5+ Qf6 29. Qe2 Qe7 30. Re3 Qf6 31. Re1 Re7 32. Rxe6 Rxe6 33. Qxe6 Qxe6
34. Rxe6 Rc7 35. Re5 1-0

[Event "XLII Festival A"]
[Site "Imperia ITA"]
[Date "2000.09.07"]
[Round "6"]
[White "Semeria, Marco"]
[Black "Mlynek, Petr"]
[WhiteElo "2063"]
[BlackElo "2200"]
[Result "1-0"]
[PlyCount "73"]
[EventDate "2000.09.03"]

1. e4 c6 2. d4 d5 3. exd5 cxd5 4. c4 Nf6 5. Nc3 e6 6. Nf3 Bb4 7. Qb3 Qa5 8. Bd2
Nc6 9. c5 Ne4 10. Bd3 Nxd2 11. Kxd2 b6 12. a3 Bxc3+ 13. Qxc3 bxc5 14. b4 Qc7
15. Qxc5 Qf4+ 16. Ke2 Bd7 17. b5 Ne7 18. Qb4 Rc8 19. a4 f6 20. a5 e5 21. g3 Qh6
22. dxe5 fxe5 23. Nxe5 Qh5+ 24. Kd2 O-O 25. f4 Qh3 26. Qxe7 Qg2+ 27. Be2 Rc2+
28. Kxc2 Qxe2+ 29. Kb3 Rb8 30. Qxd7 Qe3+ 31. Kc2 Qe2+ 32. Kc3 Qe3+ 33. Nd3 d4+
34. Kc4 Qd2 35. Rac1 Qa2+ 36. Kxd4 Qxa5 37. Qe6+ 1-0

[Event "XLII Festival A"]
[Site "Imperia ITA"]
[Date "2000.09.07"]
[Round "6"]
[White "Stoppa, Omar"]
[Black "Sejkora, Vlastimil"]
[WhiteElo "2195"]
[BlackElo "2264"]
[Result "1-0"]
[PlyCount "68"]
[EventDate "2000.09.03"]

1. e4 c5 2. Nf3 Nf6 3. e5 Nd5 4. Nc3 Nc7 5. d4 cxd4 6. Nxd4 Nc6 7. Nxc6 bxc6 8.
Bd3 g6 9. O-O Bg7 10. Qe2 O-O 11. h4 d6 12. exd6 exd6 13. Bg5 f6 14. Bd2 Ne6
15. h5 Nd4 16. Qd1 Bf5 17. Bxf5 Nxf5 18. Qg4 Ne7 19. Qe6+ Rf7 20. Ne4 Nf5 21.
Bc3 d5 22. hxg6 hxg6 23. Nc5 Bf8 24. Qxc6 d4 25. Ne6 Qd7 26. Qxa8 dxc3 27. Nxf8
Rxf8 28. Rad1 Qa4 29. Rd8 Rxd8 30. Qxd8+ Kg7 31. Qc7+ Kg8 32. Qxc3 Nd4 33. Re1
Qd7 34. Qd3 Qg4 1-0